LEADER 01070nam a2200313 i 4500 001 991003100319707536 005 20020509112224.0 008 980216s1997 it ||| | ita 020 $a8816303174 035 $ab11109312-39ule_inst 035 $aPARLA175171$9ExL 040 $aDip.to Filosofia$bita 082 0 $a232.96 100 1 $aPéguy, Charles$0377181 245 10$aGetsemani /$cCharles Péguy ; presentazione di Jean Bastaire ; traduzione di Mimmi Cassola 260 $aMilano :$bJaca book,$cc1997 300 $a59 p. ;$c23 cm. 490 0 $aGià e non ancora ;$v317. 650 4$aGesù Cristo - Passione - Meditazioni 650 4$aPeguy, Charles - Getsemani 700 1 $aCassola, Mimmi 700 1 $aBastaire, Jean 740 0 $aGethsémani 907 $a.b11109312$b23-02-17$c28-06-02 912 $a991003100319707536 945 $aLE005 194 PEG01. 01$g1$i2005000008672$lle005$o-$pE0.00$q-$rl$s- $t0$u1$v2$w1$x0$y.i1124494x$z28-06-02 996 $aGetsemani$9857738 997 $aUNISALENTO 998 $ale005$b01-01-98$cm$da $e-$fita$git $h0$i1 LEADER 02218nam 2200757zu 450 001 9910155287703321 005 20210803234311.0 010 $a9783318019230 010 $a3318019232 035 $a(CKB)3780000000101725 035 $a(SSID)ssj0000578683 035 $a(PQKBManifestationID)12264690 035 $a(PQKBTitleCode)TC0000578683 035 $a(PQKBWorkID)10578208 035 $a(PQKB)10968985 035 $a(OCoLC)849647620 035 $a(SZ-BaSKA)221428 035 $a(MiAaPQ)EBC31865702 035 $a(Au-PeEL)EBL31865702 035 $a(Perlego)825502 035 $a(EXLCZ)993780000000101725 100 $a20160829d1988 uy 101 0 $aeng 135 $aurunu||||| 181 $ctxt 182 $cc 183 $acr 200 00$aMembrane activation in immunologically relevant cells 205 $a1st ed. 210 31$a[Place of publication not identified]$cKarger$d1988 215 $a1 online resource (XVI + 312 pages) : $c 52 figures, 16 tables 225 1 $aIssn Series 300 $aBibliographic Level Mode of Issuance: Monograph 311 08$a9783805546997 311 08$a3805546998 410 0$aIssn Series 606 $aAnatomy 606 $aBiochemical Phenomena 606 $aCell Physiological Phenomena 606 $aCellular Structures 606 $aBiochemical Phenomena 606 $aCell Physiological Phenomena 606 $aChemical Phenomena 606 $aChemical Phenomena 606 $aPhenomena and Processes 606 $aSignal Transduction 606 $aCell Membrane 606 $aCells 615 2$aAnatomy. 615 2$aBiochemical Phenomena. 615 2$aCell Physiological Phenomena. 615 2$aCellular Structures. 615 2$aBiochemical Phenomena. 615 2$aCell Physiological Phenomena. 615 2$aChemical Phenomena. 615 2$aChemical Phenomena. 615 2$aPhenomena and Processes 615 2$aSignal Transduction. 615 2$aCell Membrane. 615 2$aCells. 702 $aBecker$b Elmer L 801 0$bPQKB 906 $aBOOK 912 $a9910155287703321 996 $aMembrane activation in immunologically relevant cells$92788003 997 $aUNINA